| 000 | 00389nam a22001337a 4500 | ||
|---|---|---|---|
| 005 | 20250925140830.0 | ||
| 008 | 250925b |||||||| |||| 00| 0 eng d | ||
| 050 |
_aS494 _b.5S8 LAL |
||
| 100 | _aLAL RATTAN | ||
| 245 | _aSUSTAINABLE MANAGEMENT OF SOIL RESOURCES IN THE HUMID TROPICS | ||
| 260 |
_aNEW YORK _bUNITED NATIONS UNIVERSITY PRESS _c1995 |
||
| 300 | _axvii, 146p | ||
| 942 |
_2lcc _cBK _n0 |
||
| 999 |
_c7722 _d7722 |
||